Statistiques concernant Associez le footballeur à son pays - Clic Quiz - Partie 4

Cliquez ici pour prendre le quiz!

Statistiques générales

  • Ce quiz a été pris 445 fois
  • Le résultat moyen est 17 sur 20

Statistiques - réponses

HintRéponse% Correct
Erling HaalandNorvège
95%
Federico ChiesaItalie
94%
Yassine BonouMaroc
92%
Cesc FabregasEspagne
91%
Ismaël BennacerAlgérie
90%
Serge AurierCôte d'Ivoire
90%
Michael BallackAllemagne
89%
Idrissa GueyeSénégal
89%
Kamil GlikPologne
86%
Dusan VlahovicSerbie
86%
Jan OblakSlovénie
86%
Whabi KhazriTunisie
86%
Michael CarrickAngleterre
85%
Martin BraithwaiteDanemark
85%
MaiconBrésil
82%
Lovro MajerCroatie
79%
Enner ValenciaEquateur
78%
Dejan KulusevskiSuède
77%
Jesus CoronaMexique
75%
Rene HiguitaColombie
71%

Distribution des résultats

Percentile par nombre de réponses

% des personnes avec chaque résultat

Votre développement - résultats

Vous n’avez pas pris ce quiz